[Event "CYCC U16"]
[Site "Quebec CAN"]
[Date "2018.07.04"]
[Round "6.19"]
[White "Sivapathasundaram, Manojh"]
[Black "Liao, Joseph"]
[Result "1/2-1/2"]
[WhiteElo "1825"]
[BlackElo "1764"]
[PlyCount "61"]
[EventDate "2018.07.02"]
[EventType "swiss"]
[EventRounds "7"]
[EventCountry "CAN"]

1. d4 Nf6 2. c4 e6 3. Nc3 Bb4 4. e3 b6 5. Nf3 Bb7 6. Bd3 Ne4 7. Qc2 f5 8. O-O
Bxc3 9. bxc3 d6 10. Nd2 Nxd2 11. Bxd2 O-O 12. e4 g6 13. d5 fxe4 14. Bxe4 e5 15.
Rae1 Kg7 16. Re3 Bc8 17. Rg3 Qe8 18. Re1 Nd7 19. Ree3 Nc5 20. Bxg6 hxg6 21.
Rxg6+ Qxg6 22. Rg3 Qxg3 23. hxg3 Bf5 24. Qc1 Rh8 25. Be3 Bg6 26. Bxc5 bxc5 27.
Qg5 Raf8 28. f4 exf4 29. gxf4 Rf5 30. Qe7+ Rf7 31. Qg5 1/2-1/2

[Event "CYCC U16"]
[Site "Quebec CAN"]
[Date "2018.07.04"]
[Round "6.20"]
[White "Richardson, Kai"]
[Black "Stroganov, Victor"]
[Result "0-1"]
[WhiteElo "2042"]
[BlackElo "1297"]
[PlyCount "54"]
[EventDate "2018.07.02"]
[EventType "swiss"]
[EventRounds "7"]
[EventCountry "CAN"]

1. d4 d5 2. c4 e6 3. Nc3 c5 4. e3 dxc4 5. Bxc4 cxd4 6. exd4 Nf6 7. Nf3 Nc6 8.
O-O Be7 9. a3 a5 10. b3 O-O 11. Bb2 Nd5 12. Rc1 Bf6 13. Ne4 Bd7 14. Ne5 Bxe5
15. dxe5 Nce7 16. Qg4 Bc6 17. Rfd1 Ng6 18. Ng5 Qe7 19. Rd3 Ndf4 20. Rg3 Bxg2
21. Rxg2 Nxg2 22. Qxg2 Nf4 23. Qg4 Qxg5 24. Qxg5 Nh3+ 25. Kg2 Nxg5 26. h4 Ne4
27. Bd3 Nd2 0-1

[Event "CYCC U16"]
[Site "Quebec CAN"]
[Date "2018.07.04"]
[Round "6.22"]
[White "Leblanc, Miguel"]
[Black "Xu, Andrew"]
[Result "0-1"]
[WhiteElo "1332"]
[BlackElo "1537"]
[PlyCount "60"]
[EventDate "2018.07.02"]
[EventType "swiss"]
[EventRounds "7"]
[EventCountry "CAN"]

1. c4 b6 2. Nc3 Bb7 3. Nf3 e6 4. d4 f5 5. Qc2 Nf6 6. Bg5 h6 7. Bxf6 Qxf6 8. Ne5
d6 9. Qa4+ Kd8 10. Rd1 g5 11. Rg1 Ke7 12. Nf3 g4 13. Nb5 Bc6 14. Qa3 Bxb5 15.
cxb5 gxf3 16. Qxf3 d5 17. Qf4 Kd7 18. Rc1 Bd6 19. Qf3 Bb4+ 20. Rc3 Bxc3+ 21.
bxc3 a6 22. e3 axb5 23. Bxb5+ c6 24. Qe2 cxb5 25. Qxb5+ Nc6 26. Qxb6 Rhb8 27.
Qc5 Rb1+ 28. Ke2 Rxa2+ 29. Kf3 Qh4 30. g3 Qe4# 0-1

[Event "CYCC U16"]
[Site "Quebec CAN"]
[Date "2018.07.04"]
[Round "6.23"]
[White "Rashid, Kaden"]
[Black "Eirew, Milo"]
[Result "1-0"]
[WhiteElo "1366"]
[BlackElo "948"]
[PlyCount "55"]
[EventDate "2018.07.02"]
[EventType "swiss"]
[EventRounds "7"]
[EventCountry "CAN"]

1. e4 e5 2. Nf3 Nc6 3. Bb5 d6 4. d4 exd4 5. Nxd4 Bd7 6. Nxc6 Bxc6 7. Bxc6+ bxc6
8. O-O d5 9. exd5 cxd5 10. Re1+ Be7 11. Nc3 c6 12. Bg5 Rb8 13. b3 Nf6 14. Bxf6
gxf6 15. Qf3 Kf8 16. Rad1 Bb4 17. Re2 Rg8 18. Na4 Bd6 19. Qe3 Qd7 20. Qh6+ Rg7
21. Qxf6 Rd8 22. Rde1 d4 23. Nb2 c5 24. Nc4 Bc7 25. Re7 Qd5 26. g3 Bb8 27.
Rxf7+ Rxf7 28. Qh8# 1-0

[Event "CYCC U16"]
[Site "Quebec CAN"]
[Date "2018.07.04"]
[Round "6.24"]
[White "Caron, Daniel"]
[Black "Morin, Gabriel"]
[Result "1-0"]
[WhiteElo "1234"]
[BlackElo "926"]
[PlyCount "69"]
[EventDate "2018.07.02"]
[EventType "swiss"]
[EventRounds "7"]
[EventCountry "CAN"]

1. e4 e6 2. d4 Nc6 3. Nf3 d5 4. exd5 Qxd5 5. Nc3 Qh5 6. Be2 f6 7. Ne5 Qxe2+ 8.
Qxe2 fxe5 9. dxe5 Bb4 10. Bd2 Bxc3 11. Bxc3 Bd7 12. Qh5+ g6 13. Qh4 Nge7 14.
O-O-O O-O-O 15. Rd3 Nd5 16. Rhd1 Nxc3 17. Rxc3 Be8 18. Rxd8+ Nxd8 19. Rd3 Bc6
20. Qf6 Re8 21. Qg7 Bxg2 22. Rc3 Bc6 23. b4 b5 24. Qxh7 Rf8 25. Qxg6 Rxf2 26.
Qg8 Rf7 27. Rxc6 Rf1+ 28. Kb2 Rf7 29. Rxe6 Rd7 30. Re8 a6 31. Qg4 c6 32. Re7
Ne6 33. Qxe6 Kb7 34. Qxd7+ Kb6 35. Qb7# 1-0

[Event "CYCC U16"]
[Site "Quebec CAN"]
[Date "2018.07.04"]
[Round "6.25"]
[White "Zwart, Justin"]
[Black "Yang, Brett"]
[Result "0-1"]
[WhiteElo "1381"]
[BlackElo "1323"]
[PlyCount "58"]
[EventDate "2018.07.02"]
[EventType "swiss"]
[EventRounds "7"]
[EventCountry "CAN"]

1. c4 e5 2. Nc3 Nf6 3. Nf3 d6 4. g3 g6 5. Bg2 Bg7 6. O-O O-O 7. d3 Nc6 8. a3
Re8 9. e4 Be6 10. Be3 h6 11. b4 a6 12. Qd2 Ng4 13. Rab1 Nxe3 14. Qxe3 Nd4 15.
Qd2 Nxf3+ 16. Bxf3 b6 17. a4 c6 18. b5 cxb5 19. cxb5 a5 20. Bd1 d5 21. Rb2 dxe4
22. dxe4 Rc8 23. Ne2 Qxd2 24. Rxd2 Bf8 25. Rb2 Red8 26. Bb3 Bxb3 27. Rxb3 Rc2
28. Nc3 Rd3 29. Ra3 Bxa3 0-1

[Event "CYCC U16"]
[Site "Quebec CAN"]
[Date "2018.07.04"]
[Round "6.26"]
[White "Chen, Shawn"]
[Black "Jeyakumar, Yathushan"]
[Result "1-0"]
[WhiteElo "960"]
[BlackElo "1409"]
[PlyCount "103"]
[EventDate "2018.07.02"]
[EventType "swiss"]
[EventRounds "7"]
[EventCountry "CAN"]

1. e4 c5 2. Nf3 e6 3. d4 cxd4 4. Nxd4 Nf6 5. Nc3 Bb4 6. e5 Nd5 7. Qf3 Qc7 8.
Bd2 Qxe5+ 9. Nde2 Nxc3 10. Bxc3 Bxc3+ 11. Qxc3 Qxc3+ 12. Nxc3 Nc6 13. O-O-O a6
14. Bc4 b5 15. Bb3 Bb7 16. f3 Na5 17. Ne4 Nxb3+ 18. axb3 Ke7 19. Rhe1 Rhd8 20.
Nd6 Bd5 21. Rxd5 Rab8 22. Rd3 Rb6 23. Nf5+ Kf8 24. Nd6 Ke7 25. Nf5+ Kf6 26. Nd6
h6 27. Re4 Ke7 28. Nf5+ Kf6 29. Rd6 Rxd6 30. Nxd6 e5 31. f4 exf4 32. Rxf4+ Ke5
33. Nxf7+ Kxf4 34. Nxd8 Ke3 35. Nb7 Kf2 36. g4 Kf3 37. Nc5 Kxg4 38. Nxd7 Kh3
39. c4 bxc4 40. bxc4 Kg4 41. Kd2 g5 42. Kd3 Kf5 43. Kd4 h5 44. Kd5 h4 45. c5 g4
46. c6 g3 47. hxg3 hxg3 48. c7 g2 49. c8=Q g1=Q 50. Qf8+ Kg6 51. Qg8+ Kh5 52.
Qxg1 1-0

[Event "CYCC U16"]
[Site "Quebec CAN"]
[Date "2018.07.05"]
[Round "7.14"]
[White "Liu, Lambert"]
[Black "Doknjas, Joshua"]
[Result "1/2-1/2"]
[WhiteElo "2189"]
[BlackElo "2257"]
[PlyCount "97"]
[EventDate "2018.07.02"]
[EventType "swiss"]
[EventRounds "7"]
[EventCountry "CAN"]

1. e4 c5 2. Nf3 d6 3. d4 cxd4 4. Nxd4 Nf6 5. Nc3 a6 6. Bg5 Nbd7 7. Qe2 h6 8.
Bh4 g6 9. f4 e5 10. fxe5 dxe5 11. Nf3 b5 12. O-O-O Qc7 13. Qd2 Bb4 14. Bd3 Bb7
15. Rhe1 Rc8 16. Kb1 Kf8 17. Re2 Kg7 18. Be1 Rhe8 19. Qc1 Nc5 20. Nxb5 Qb6 21.
Bxb4 Nxd3 22. Rxd3 Qxb5 23. Qe1 Bxe4 24. Rde3 a5 25. Bxa5 Bd5 26. Rxe5 Rxe5 27.
Nxe5 Ra8 28. c4 Bxc4 29. Nxc4 Qxc4 30. Bc3 Qxa2+ 31. Kc2 Qa4+ 32. Kb1 Ra6 33.
Rf2 Qa2+ 34. Kc2 Qa4+ 35. Kb1 Kg8 36. Qd2 Qa2+ 37. Kc2 Nd5 38. Qd4 Nxc3 39.
Qxc3 Qa4+ 40. Kd2 Rd6+ 41. Ke3 Qe8+ 42. Kf3 Qe7 43. g3 Qb7+ 44. Ke2 Qb5+ 45.
Ke1 Qd5 46. Qf3 Qc4 47. Re2 Re6 48. Rxe6 Qxe6+ 49. Qe2 1/2-1/2

[Event "CYCC U16"]
[Site "Quebec CAN"]
[Date "2018.07.05"]
[Round "7.15"]
[White "Raninga, Aditya"]
[Black "Li, William"]
[Result "0-1"]
[WhiteElo "1862"]
[BlackElo "2204"]
[PlyCount "89"]
[EventDate "2018.07.02"]
[EventType "swiss"]
[EventRounds "7"]
[EventCountry "CAN"]

1. e4 c5 2. Nf3 d6 3. d4 cxd4 4. Nxd4 Nf6 5. Nc3 a6 6. Bc4 e6 7. Bb3 Nbd7 8. f4
Nc5 9. Qf3 b5 10. f5 e5 11. Nde2 b4 12. Bd5 Rb8 13. Nd1 Nxd5 14. exd5 Be7 15.
O-O h5 16. Ng3 Bg5 17. Nxh5 Bxc1 18. Rxc1 Qg5 19. f6 Qxh5 20. fxg7 Qxh2+ 21.
Kf2 Rg8 22. Ne3 Rxg7 23. Ke2 Qg3 24. Qxg3 Rxg3 25. Rh1 Ke7 26. Rcf1 Bg4+ 27.
Kd2 Ne4+ 28. Kd3 Rxe3+ 29. Kxe3 Ng3 30. Re1 Nxh1 31. Rxh1 Bf5 32. Rh4 Bxc2 33.
Rc4 Ba4 34. g3 Bd7 35. Rc7 Rb5 36. Ra7 a5 37. g4 Rxd5 38. g5 a4 39. Rb7 Rb5 40.
Ra7 Rb8 41. Ke4 b3 42. axb3 Rxb3 43. g6 fxg6 44. Ra5 Rb4+ 45. Kd5 0-1

[Event "CYCC U16"]
[Site "Quebec CAN"]
[Date "2018.07.05"]
[Round "7.16"]
[White "Surya, Benito"]
[Black "Ratelband, William"]
[Result "1-0"]
[WhiteElo "2094"]
[BlackElo "1719"]
[PlyCount "109"]
[EventDate "2018.07.02"]
[EventType "swiss"]
[EventRounds "7"]
[EventCountry "CAN"]

1. e4 c5 2. Ne2 Nc6 3. Nbc3 Nf6 4. g3 e5 5. Bg2 d6 6. O-O Be6 7. d3 Be7 8. f4
Bg4 9. h3 Bxe2 10. Nxe2 Qb6 11. Kh1 h5 12. c3 h4 13. g4 exf4 14. Nxf4 g5 15.
Ne2 Nd7 16. b3 f6 17. Be3 O-O-O 18. Qd2 Nde5 19. Rab1 Qa6 20. Rfd1 b5 21. d4
Nd7 22. Nc1 Kc7 23. Nd3 Rhe8 24. Qf2 Qa3 25. Bc1 Qa6 26. Ra1 c4 27. bxc4 bxc4
28. Nb4 Nxb4 29. cxb4 Qb6 30. Qb2 Rb8 31. Bd2 Rec8 32. Rac1 Kd8 33. Bc3 a5 34.
a3 axb4 35. axb4 Qb5 36. Qf2 Kc7 37. Ra1 Ra8 38. Ra5 Rxa5 39. bxa5 Qb3 40. Qd2
Ra8 41. Rc1 Nf8 42. Qe2 Ne6 43. Bf1 Nf4 44. Qc2 Qxc2 45. Rxc2 d5 46. exd5 Nxd5
47. Bg2 Ne3 48. Rb2 Nxg2 49. Kxg2 Ra6 50. Kf3 Kc6 51. Ke4 Bd8 52. d5+ Kd6 53.
Rb5 Ra7 54. Kd4 Re7 55. Bb4+ 1-0

[Event "CYCC U16"]
[Site "Quebec CAN"]
[Date "2018.07.05"]
[Round "7.17"]
[White "Stroganov, Victor"]
[Black "Zhang, Henry"]
[Result "0-1"]
[WhiteElo "1297"]
[BlackElo "2223"]
[PlyCount "104"]
[EventDate "2018.07.02"]
[EventType "swiss"]
[EventRounds "7"]
[EventCountry "CAN"]

1. e4 c5 2. c3 Nf6 3. e5 Nd5 4. d4 cxd4 5. cxd4 d6 6. Nf3 e6 7. Bc4 Be7 8. O-O
O-O 9. Bd2 b6 10. Nc3 Nxc3 11. Bxc3 dxe5 12. dxe5 Bb7 13. Qe2 Nd7 14. Rfd1 Qc7
15. Bb3 Nc5 16. Bc2 a5 17. b4 axb4 18. Bxb4 Bd5 19. Bxc5 Qxc5 20. Rac1 Qa3 21.
Be4 Bxe4 22. Qxe4 Qxa2 23. Qb1 Bc5 24. Nd4 Qxb1 25. Rxb1 Ra2 26. Nb5 Rxf2 27.
Kh1 Re2 28. Re1 Rxe1+ 29. Rxe1 Rd8 30. h4 g6 31. Kh2 Rd2 32. Rb1 Re2 33. Kg3
Rxe5 34. Kf4 Rf5+ 35. Kg3 Rd5 36. Rb2 Rd3+ 37. Kh2 e5 38. Re2 Re3 39. Rd2 Kg7
40. Rd8 Be7 41. Rb8 Bxh4 42. Rxb6 Bg3+ 43. Kh3 Bf4+ 44. Kg4 h5+ 45. Kh4 Kh6 46.
g3 Rxg3 47. Nd4 Rg4+ 48. Kh3 exd4 49. Rd6 Rg3+ 50. Kh4 Rg2 51. Rxg6+ fxg6 52.
Kh3 Rh2# 0-1

[Event "CYCC U16"]
[Site "Quebec CAN"]
[Date "2018.07.05"]
[Round "7.18"]
[White "Li, Eric M"]
[Black "Bu, Kevin"]
[Result "1-0"]
[WhiteElo "2032"]
[BlackElo "2023"]
[PlyCount "101"]
[EventDate "2018.07.02"]
[EventType "swiss"]
[EventRounds "7"]
[EventCountry "CAN"]

1. Nf3 d5 2. d4 Nf6 3. Bf4 e6 4. e3 Bd6 5. Bg3 O-O 6. Nbd2 b6 7. a4 a5 8. c3
Bb7 9. Bd3 Re8 10. Ne5 Nbd7 11. f4 c5 12. Qe2 c4 13. Bc2 Nf8 14. h4 Rc8 15. h5
Be7 16. h6 g6 17. Bh4 N6d7 18. Bxe7 Rxe7 19. e4 Nxe5 20. fxe5 Rec7 21. Qe3 Bc6
22. O-O Ra8 23. Rf6 Re7 24. exd5 Bxd5 25. Ne4 Bxe4 26. Bxe4 Rc8 27. Rf2 Nd7 28.
Rd1 Nxe5 29. Qg5 Nd7 30. Rfd2 f5 31. Bf3 Re8 32. Qe3 Nf6 33. Qe5 Qe7 34. d5
exd5 35. Bxd5+ Nxd5 36. Qxd5+ Qf7 37. Qb5 Qe6 38. Kh1 Qf6 39. Qd5+ Kh8 40. Kg1
g5 41. Qd6 Re6 42. Qd8+ Qxd8 43. Rxd8+ Re8 44. R8d6 Kg8 45. Rxb6 Rc5 46. Rd7
Rce5 47. Rg7+ Kh8 48. Rbb7 Re1+ 49. Kh2 R1e6 50. Rxh7+ Kg8 51. Rbg7+ 1-0

[Event "CYCC U16"]
[Site "Quebec CAN"]
[Date "2018.07.05"]
[Round "7.19"]
[White "Lehingrat, Callum"]
[Black "Sivapathasundaram, Manojh"]
[Result "1/2-1/2"]
[WhiteElo "1953"]
[BlackElo "1825"]
[PlyCount "34"]
[EventDate "2018.07.02"]
[EventType "swiss"]
[EventRounds "7"]
[EventCountry "CAN"]

1. d4 Nf6 2. c4 g6 3. Nc3 d5 4. cxd5 Nxd5 5. e4 Nxc3 6. bxc3 Bg7 7. Bc4 O-O 8.
Ne2 c5 9. O-O cxd4 10. cxd4 Nc6 11. Be3 Na5 12. Bd3 Nc6 13. Bc2 b6 14. d5 Nb4
15. Bb3 Ba6 16. Rc1 Nd3 17. Rc6 Ne5 1/2-1/2

[Event "CYCC U16"]
[Site "Quebec CAN"]
[Date "2018.07.05"]
[Round "7.20"]
[White "Tinica, Gabriel"]
[Black "Rashid, Kaden"]
[Result "1-0"]
[WhiteElo "1889"]
[BlackElo "1366"]
[PlyCount "67"]
[EventDate "2018.07.02"]
[EventType "swiss"]
[EventRounds "7"]
[EventCountry "CAN"]

1. d4 d5 2. Bf4 Nf6 3. e3 e6 4. Bd3 c5 5. c3 Nc6 6. Nf3 Bd6 7. Bg3 O-O 8. Nbd2
b6 9. Ne5 Bb7 10. f4 Qc7 11. O-O Ne7 12. Qc2 cxd4 13. exd4 Ng6 14. h3 Rac8 15.
Rae1 Qe7 16. Bh2 Bb8 17. f5 Nxe5 18. dxe5 Nd7 19. fxe6 fxe6 20. Bxh7+ Kh8 21.
Bd3 Rxf1+ 22. Nxf1 d4 23. c4 b5 24. b3 Qg5 25. Be4 d3 26. Bxd3 Bxe5 27. Bxe5
Nxe5 28. Be4 Nf3+ 29. Bxf3 Bxf3 30. Nh2 Bd5 31. Ng4 bxc4 32. Ne5 Qg3 33. Re2
Bxg2 34. Ng6+ 1-0

[Event "CYCC U16"]
[Site "Quebec CAN"]
[Date "2018.07.05"]
[Round "7.21"]
[White "Liao, Joseph"]
[Black "Caron, Daniel"]
[Result "1/2-1/2"]
[WhiteElo "1764"]
[BlackElo "1234"]
[PlyCount "77"]
[EventDate "2018.07.02"]
[EventType "swiss"]
[EventRounds "7"]
[EventCountry "CAN"]

1. e4 e5 2. Nf3 Nc6 3. Bc4 Nf6 4. d4 exd4 5. O-O Bc5 6. e5 Ng4 7. Re1 O-O 8. h3
d5 9. Bb5 Ngxe5 10. Nxe5 Nxe5 11. Rxe5 c6 12. Bd3 Qf6 13. Re1 Bf5 14. Nd2 Bxd3
15. cxd3 Rfe8 16. Rxe8+ Rxe8 17. Nf3 h6 18. Qd2 Bd6 19. b3 b6 20. Bb2 c5 21.
Re1 Rxe1+ 22. Qxe1 Qf5 23. Qe2 Qe6 24. Qxe6 fxe6 25. Kf1 Kf7 26. Ke2 Kf6 27. g3
g5 28. Bc1 e5 29. Nd2 Kf5 30. g4+ Kg6 31. Kf3 Bc7 32. Nf1 Bd6 33. Ng3 Bf8 34.
Bd2 b5 35. Bc1 a6 36. a4 c4 37. bxc4 dxc4 38. dxc4 bxc4 39. Ke2 1/2-1/2

[Event "CYCC U16"]
[Site "Quebec CAN"]
[Date "2018.07.05"]
[Round "7.22"]
[White "Yang, Brett"]
[Black "Xu, Andrew"]
[Result "1/2-1/2"]
[WhiteElo "1323"]
[BlackElo "1537"]
[PlyCount "76"]
[EventDate "2018.07.02"]
[EventType "swiss"]
[EventRounds "7"]
[EventCountry "CAN"]

1. c4 b6 2. Nc3 Bb7 3. d4 e6 4. e3 f5 5. Nf3 Nf6 6. Be2 Be7 7. O-O O-O 8. Qc2
a6 9. b3 Qe8 10. h3 Ne4 11. Bb2 Qg6 12. Rad1 Ng5 13. Nxg5 Qxg5 14. d5 f4 15.
Qe4 Bc5 16. Na4 fxe3 17. Nxc5 exf2+ 18. Rxf2 Rxf2 19. Kxf2 bxc5 20. Qg4 Qxg4
21. Bxg4 exd5 22. cxd5 d6 23. Be6+ Kf8 24. Rd3 Ke8 25. Bxg7 Nd7 26. Rf3 Rd8 27.
a4 c6 28. dxc6 Bxc6 29. Rd3 Ke7 30. Bg4 Be4 31. Re3 d5 32. Bf3 Kf7 33. Bxe4
dxe4 34. Bb2 Re8 35. a5 Re6 36. g4 Ne5 37. Bxe5 Rxe5 38. Rc3 Kg6 1/2-1/2

[Event "CYCC U16"]
[Site "Quebec CAN"]
[Date "2018.07.05"]
[Round "7.24"]
[White "Morin, Gabriel"]
[Black "Zhou, Mike"]
[Result "1-0"]
[WhiteElo "926"]
[BlackElo "1352"]
[PlyCount "43"]
[EventDate "2018.07.02"]
[EventType "swiss"]
[EventRounds "7"]
[EventCountry "CAN"]

1. e4 c6 2. Nc3 d5 3. d4 dxe4 4. Nxe4 g6 5. c3 Bg7 6. Bd3 Nf6 7. h3 Nxe4 8.
Bxe4 O-O 9. Nf3 f5 10. Bd3 b5 11. a3 h6 12. O-O Nd7 13. Re1 a6 14. Bf4 Bb7 15.
Qe2 Re8 16. b4 Nb6 17. Qe6+ Kh7 18. Nh4 Bf6 19. Qf7+ Bg7 20. Be5 Rg8 21. Qxg6+
Kh8 22. Qxh6# 1-0

[Event "CYCC U16"]
[Site "Quebec CAN"]
[Date "2018.07.05"]
[Round "7.25"]
[White "Eirew, Milo"]
[Black "Chen, Shawn"]
[Result "0-1"]
[WhiteElo "948"]
[BlackElo "960"]
[PlyCount "184"]
[EventDate "2018.07.02"]
[EventType "swiss"]
[EventRounds "7"]
[EventCountry "CAN"]

1. e4 e6 2. Nf3 d5 3. Nc3 Nf6 4. exd5 exd5 5. d4 c6 6. Be2 Bd6 7. O-O O-O 8.
Bd3 Bg4 9. h3 Bh5 10. Bf5 Nbd7 11. Qd3 Re8 12. Bg5 Bg6 13. Rae1 Bxf5 14. Qxf5
h6 15. Bh4 Be7 16. Re2 Ne4 17. Nxe4 Bxh4 18. Nc3 Rxe2 19. Nxe2 Bf6 20. c3 Nb6
21. b3 a5 22. a4 Qe7 23. Re1 Qa3 24. Kf1 c5 25. dxc5 Qxc5 26. Nfd4 Bxd4 27.
cxd4 Qc6 28. Rc1 Qd6 29. g3 Re8 30. Rc5 Qe7 31. Qf3 Qe6 32. Rxa5 Qxh3+ 33. Ke1
g5 34. Rb5 Re6 35. Rc5 g4 36. Qf4 Qh1+ 37. Kd2 Qb1 38. Rc7 Qb2+ 39. Rc2 Qxb3
40. Qxg4+ Kf8 41. Qf4 Nc4+ 42. Kd1 Nb2+ 43. Kd2 Qd3+ 44. Kc1 Rxe2 45. Rc8+ Kg7
46. Qg4+ Kf6 47. Qf4+ Qf5 48. Qxh6+ Qg6 49. Qf4+ Kg7 50. Qh4 Re1+ 51. Kxb2 Qb1+
52. Kc3 Rc1+ 53. Kd2 Rxc8 54. Qg4+ Qg6 55. Qxc8 Qg5+ 56. Ke2 Qh5+ 57. Kf1 Qd1+
58. Kg2 Qxa4 59. Qxb7 Qxd4 60. Qe7 Qc4 61. Qg5+ Kf8 62. f3 Qe2+ 63. Kh3 Qxf3
64. Qd8+ Kg7 65. Qg5+ Kh7 66. Qh4+ Kg6 67. Qg4+ Qxg4+ 68. Kxg4 Kf6 69. Kf4 Ke6
70. Ke3 Ke5 71. g4 d4+ 72. Kd3 Kf4 73. Kxd4 Kxg4 74. Ke3 f6 75. Kf2 Kf4 76. Ke2
Kg3 77. Ke1 f5 78. Ke2 f4 79. Ke1 Kg2 80. Kd2 f3 81. Ke3 f2 82. Ke4 f1=Q 83.
Kd4 Qf5 84. Ke3 Qg4 85. Kd3 Kf2 86. Kd2 Qe4 87. Kc3 Ke2 88. Kb2 Qd3 89. Kc1
Qd2+ 90. Kb1 Kd3 91. Ka1 Kc3 92. Kb1 Qb2# 0-1

[Event "CYCC U16"]
[Site "Quebec CAN"]
[Date "2018.07.05"]
[Round "7.26"]
[White "Leblanc, Miguel"]
[Black "Zwart, Justin"]
[Result "1-0"]
[WhiteElo "1332"]
[BlackElo "1381"]
[PlyCount "41"]
[EventDate "2018.07.02"]
[EventType "swiss"]
[EventRounds "7"]
[EventCountry "CAN"]

1. e4 c5 2. Nf3 d6 3. d4 cxd4 4. Nxd4 Nf6 5. Nc3 g6 6. Be3 Bg7 7. f3 O-O 8. Qd2
Bh8 9. g4 Nc6 10. O-O-O Ne5 11. Be2 Bd7 12. Rdg1 Rc8 13. h4 Nc4 14. Bxc4 Rxc4
15. h5 a6 16. Nf5 Re8 17. hxg6 fxg6 18. g5 gxf5 19. gxf6+ Kf7 20. fxe7 Rxe7 21.
Rxh7+ 1-0

[Event "CYCC U16U18 w"]
[Site "Quebec CAN"]
[Date "2018.07.02"]
[Round "1.8"]
[White "Cao, Lucy"]
[Black "Ouellet, Maili-Jade"]
[Result "0-1"]
[WhiteElo "1835"]
[BlackElo "2323"]
[PlyCount "66"]
[EventDate "2018.07.02"]
[EventType "swiss"]
[EventRounds "7"]
[EventCountry "CAN"]

1. d4 d5 2. Bf4 Nf6 3. Nf3 c5 4. c3 Nc6 5. dxc5 a5 6. e3 e6 7. Bb5 Bxc5 8. Ne5
Bd7 9. Nxd7 Qxd7 10. h3 O-O 11. Nd2 Qe7 12. Bxc6 bxc6 13. Nf3 Nd7 14. Qa4 Rfc8
15. Bh2 f6 16. Nd4 Nb6 17. Qc2 g6 18. O-O e5 19. Nb3 Bd6 20. a4 Qb7 21. Nd2
Rab8 22. Rfb1 Nd7 23. h4 Nc5 24. g4 Qd7 25. f3 Qa7 26. h5 Kg7 27. Kf2 Qa6 28.
c4 Rb4 29. b3 Rcb8 30. Qc3 Qb6 31. Ra3 d4 32. exd4 exd4 33. Qxd4 Nd3+ 0-1

[Event "CYCC U16U18 w"]
[Site "Quebec CAN"]
[Date "2018.07.02"]
[Round "1.9"]
[White "Demchenko, Svitlana"]
[Black "Zhou, Lily"]
[Result "1-0"]
[WhiteElo "2272"]
[BlackElo "1741"]
[PlyCount "83"]
[EventDate "2018.07.02"]
[EventType "swiss"]
[EventRounds "7"]
[EventCountry "CAN"]

1. e4 c5 2. Nf3 Nc6 3. d4 cxd4 4. Nxd4 g6 5. c4 Bg7 6. Be3 Nf6 7. Nc3 Ng4 8.
Qxg4 Bxd4 9. Bxd4 Nxd4 10. Qd1 Ne6 11. Be2 b6 12. Qd5 Ba6 13. O-O O-O 14. f4
Qc7 15. g3 Rac8 16. f5 Qc5+ 17. Qxc5 Nxc5 18. b4 Nxe4 19. Nxe4 Bxc4 20. f6 Bxe2
21. fxe7 Bxf1 22. exf8=Q+ Rxf8 23. Nf6+ Kg7 24. Rxf1 Rd8 25. Nd5 Re8 26. Kf2
Rc8 27. Ke3 Rc2 28. Rf2 Rc8 29. Kd3 d6 30. Rc2 Rxc2 31. Kxc2 f5 32. Kd3 Kf7 33.
Kd4 Ke6 34. Nc7+ Kd7 35. Nb5 a6 36. Nc3 Kc6 37. a4 b5 38. axb5+ axb5 39. Nd5 h6
40. Ne7+ Kd7 41. Nxg6 Ke6 42. Nf4+ 1-0

[Event "CYCC U16U18 w"]
[Site "Quebec CAN"]
[Date "2018.07.02"]
[Round "1.10"]
[White "Yu, Cindy"]
[Black "Cui, Cynthia"]
[Result "0-1"]
[WhiteElo "1434"]
[BlackElo "1995"]
[PlyCount "106"]
[EventDate "2018.07.02"]
[EventType "swiss"]
[EventRounds "7"]
[EventCountry "CAN"]

1. e4 e6 2. d4 d5 3. e5 c5 4. c3 Nc6 5. Nf3 Qb6 6. a3 c4 7. Nbd2 Na5 8. Be2 Bd7
9. O-O Ne7 10. Rb1 Qc7 11. Qc2 Nc8 12. b3 cxb3 13. Nxb3 Ba4 14. Nfd2 Nxb3 15.
Nxb3 Nb6 16. Qb2 Rc8 17. Bd2 Be7 18. Kh1 O-O 19. f4 Bd7 20. Na5 Rfd8 21. c4
dxc4 22. Rfc1 Na4 23. Qxb7 c3 24. Qxc7 Rxc7 25. Be1 Bxa3 26. Rc2 Bb2 27. Bd3
Rcc8 28. Nb7 Rb8 29. Nd6 Rb3 30. Bc4 Ra3 31. Bb5 Rb3 32. Bc4 Rb6 33. Bd3 Rb4
34. Ne4 Rxd4 35. Nf2 Rc8 36. g3 Bc6+ 37. Kg1 Bd5 38. Re2 Ba2 39. Rd1 Rb4 40.
Ne4 Bb3 41. Rb1 Rd4 42. Bxc3 Bxc3 43. Rxb3 Rxd3 44. Nxc3 Rdxc3 45. Rb7 R3c7 46.
Rb4 Nb6 47. Rd2 Rc1+ 48. Kg2 R1c2 49. Rbd4 Rxd2+ 50. Rxd2 Ra8 51. Ra2 a5 52.
Kf2 a4 53. Ke2 Nd5 0-1

[Event "CYCC U16U18 w"]
[Site "Quebec CAN"]
[Date "2018.07.02"]
[Round "1.12"]
[White "Eirew, Pepi"]
[Black "Botez, Andrea"]
[Result "1/2-1/2"]
[WhiteElo "1086"]
[BlackElo "1954"]
[PlyCount "150"]
[EventDate "2018.07.02"]
[EventType "swiss"]
[EventRounds "7"]
[EventCountry "CAN"]

1. d4 g6 2. Nf3 Bg7 3. Bf4 d6 4. e3 Nf6 5. Bd3 c5 6. dxc5 Nh5 7. c3 Nxf4 8.
exf4 dxc5 9. Qc2 O-O 10. Nbd2 e6 11. O-O-O Qc7 12. g3 Nc6 13. h4 h5 14. Ng5 Ne7
15. Be2 Nf5 16. Qe4 Bd7 17. Bf3 Bc6 18. Qc2 b5 19. Bxc6 Qxc6 20. Rdg1 Nh6 21.
f3 Qd5 22. c4 bxc4 23. Nxc4 Bd4 24. Rd1 Qf5 25. Ne4 Kg7 26. Ncd6 Qd5 27. Nc4 f5
28. Ng5 Nf7 29. Rhf1 Nxg5 30. fxg5 Rfb8 31. b3 e5 32. Qd3 Rd8 33. Qe2 Qe6 34.
f4 e4 35. Ne5 Bxe5 36. fxe5 Qxe5 37. Qb2 Rd4 38. Qa3 Rad8 39. Rxd4 Qxd4 40.
Qxa7+ Rd7 41. Qa6 Qc3+ 42. Kb1 e3 43. Qf6+ Qxf6 44. gxf6+ Kxf6 45. Re1 g5 46.
hxg5+ Kxg5 47. Rxe3 Kg4 48. Re5 Rd1+ 49. Kc2 Rg1 50. a4 f4 51. gxf4 h4 52. Rxc5
Rg2+ 53. Kc3 Rg3+ 54. Kb4 h3 55. Rc8 h2 56. Rh8 Rh3 57. Rg8+ Kxf4 58. Rf8+ Kg3
59. Rf1 Kg2 60. Rb1 Rf3 61. a5 Rf1 62. Rb2+ Kg1 63. Rxh2 Kxh2 64. Kb5 Kg3 65.
b4 Kf4 66. Kb6 Ke5 67. a6 Rf6+ 68. Kb7 Rf7+ 69. Kb6 Rf6+ 70. Ka5 Rf7 71. b5 Kd6
72. Kb6 Rf1 73. a7 Ra1 74. Kb7 Kc5 75. b6 Kb5 1/2-1/2

[Event "CYCC U16U18 w"]
[Site "Quebec CAN"]
[Date "2018.07.02"]
[Round "2.10"]
[White "Cui, Cynthia"]
[Black "Eirew, Pepi"]
[Result "1-0"]
[WhiteElo "1995"]
[BlackElo "1086"]
[PlyCount "127"]
[EventDate "2018.07.02"]
[EventType "swiss"]
[EventRounds "7"]
[EventCountry "CAN"]

1. c4 e6 2. Nc3 d5 3. d4 b6 4. cxd5 exd5 5. Qc2 Be6 6. Nf3 c5 7. Bf4 Bd6 8. Be3
Ne7 9. Rd1 Nbc6 10. Nb5 cxd4 11. Nfxd4 Nxd4 12. Nxd4 O-O 13. g3 Rc8 14. Qb3 Rc4
15. a3 Be5 16. Nf3 Qc7 17. Bd4 Bxd4 18. Nxd4 Qc5 19. Qd3 Rc1 20. Bg2 Qa5+ 21.
Kf1 Rxd1+ 22. Qxd1 Qc5 23. h4 Rc8 24. Bf3 Qc1 25. Qxc1 Rxc1+ 26. Kg2 Rxh1 27.
Kxh1 g6 28. e3 Nc8 29. Kg1 Nd6 30. b3 Kf8 31. Kf1 a6 32. Ke2 a5 33. Kd3 Ke8 34.
Ne2 Nb5 35. a4 Bf5+ 36. Kd2 Nc7 37. Kc3 Kd7 38. Nd4 Be4 39. Bg4+ f5 40. Be2 Bg2
41. f3 Ne6 42. Kd2 Nxd4 43. exd4 h6 44. Ke3 g5 45. hxg5 hxg5 46. Kf2 Bh3 47. g4
Ke6 48. Kg3 fxg4 49. fxg4 Bxg4 50. Kxg4 Kf6 51. Bd3 Ke6 52. Kxg5 Kd6 53. Kf5
Kc6 54. Ke5 Kc7 55. Kxd5 Kb7 56. Bb5 Kc7 57. Ke6 Kb7 58. d5 Kc7 59. Ke7 Kb7 60.
d6 Ka7 61. d7 Kb7 62. d8=Q Ka7 63. Qc7+ Ka8 64. Bc6# 1-0